|
|
|
|
| LEADER |
00000cam a2200000 7i4500 |
| 001 |
0000041607 |
| 005 |
20160314.0 |
| 008 |
140804 |
| 020 |
|
|
|a 9833537822
|
| 090 |
0 |
0 |
|a JF
|b BIO MAL
|
| 100 |
0 |
|
|a Maruwiah Ahmat
|
| 245 |
1 |
0 |
|a Kenali Tunku Abdul Rahman Putra al-Haj :
|b menjulang kemerdekaan mencipta keamanan
|c Maruwiah Ahmat
|
| 260 |
|
|
|a Selangor :
|b Eagle Publications Sdn Bhd ,
|c 2010
|
| 500 |
|
|
|a Children ages 7-9 years old (orange)
|
| 650 |
|
0 |
|a BIography
|x Men
|
| 650 |
|
0 |
|a Tunku Abdul Rahman Putra al-Haj
|
| 999 |
|
|
|a 0001278850
|b Book
|c Children Collection
|e Cawangan Mersing
|
| 999 |
|
|
|a 0001278854
|b Book
|c Children Collection
|e Cawangan Tmn. Ungku Tun Aminah
|
| 999 |
|
|
|a 0001278856
|b Book
|c Children Collection
|e Cawangan Segamat
|
| 999 |
|
|
|a 0001278857
|b Book
|c Children Collection
|e Cawangan AEON Kulaijaya
|